000 00709cab a2200217 4500
001 ABS38721
008 090401t1988 xxu||||| |||| 00| 0 eng d
035 _a(Sirsi) u12146
041 _aeng
100 _aBond, R.
245 _aMerseybeat: reviving the heart of a city
260 _c1988
350 _a0
490 _aSurveyor (PWW)
_v169(4976) 31 December 1987/7 January 1988, 1
520 _aLiverpool is currently the focus of attention for widespread regeneration . This article discusses some of the proposals put forward, and examines current schemes in progress.
650 _aECONOMY
650 _aURBAN RENEWAL
690 _aPLANNING LAW AND PRACTICE
942 _n0
948 _c04/03/1997
999 _c7772
_d7772